Normal view MARC view

Entry Personal Name

Number of records used in: 1

001 - CONTROL NUMBER

  • control field: 577060

003 - CONTROL NUMBER IDENTIFIER

  • control field: OSt

005 - DATE AND TIME OF LATEST TRANSACTION

  • control field: 20221002055336.0

008 - FIXED-LENGTH DATA ELEMENTS

  • fixed length control field: 221002|| aca||aabn | a|a d

040 ## - CATALOGING SOURCE

  • Original cataloging agency: OSt
  • Transcribing agency: OSt

100 ## - HEADING--PERSONAL NAME

  • Personal name: Aggarwal Dhanna Lal Jawaharlal Ed

670 ## - SOURCE DATA FOUND

  • Source citation: Work cat.: (OSt)927386: Aggarwal Dhanna Lal Jawaharlal Ed., Mimansa uddharan kosh, 1985
Copyright @ Delhi University Library System